[Event "SK Rothenburg e.V. 1-TSV Cadolzburg e.V."]
[Site "?"]
[Date "2012.11.18"]
[Round "3.1"]
[White "Hörmann, Gunther"]
[Black "Engelmann, Wolfgang"]
[Result "1-0"]
[WhiteElo "2080"]
[BlackElo "2040"]
[PlyCount "69"]
[EventDate "2012.??.??"]
[WhiteTeam "TSV Cadolzburg e.V. 1"]
[BlackTeam "SK Rothenburg e.V. 1"]

1. e4 c5 2. Nf3 d6 3. Bb5+ Bd7 4. Bxd7+ Qxd7 5. c4 Nc6 6. Nc3 g6 7. d4 cxd4 8.
Nxd4 Bg7 9. Be3 Nf6 10. f3 O-O 11. O-O Rfd8 12. Qd2 Ne8 13. Rfd1 Nc7 14. Qf2
Nxd4 15. Bxd4 Bxd4 16. Rxd4 Qc6 17. Nd5 Rd7 18. Nxc7 Rxc7 19. Rad1 Qc5 20. b3
Qa3 21. f4 a5 22. Qd2 Qb4 23. e5 Qxd2 24. R1xd2 dxe5 25. fxe5 Rc5 26. Rd7 Rxe5
27. Rxb7 Ra6 28. Rb5 Re1+ 29. Kf2 Rh1 30. Rc2 a4 31. c5 axb3 32. axb3 Raa1 33.
c6 Rhf1+ 34. Kg3 Rae1 35. h3 1-0

[Event "SK Rothenburg e.V. 1-TSV Cadolzburg e.V."]
[Site "?"]
[Date "2012.11.18"]
[Round "3.2"]
[White "Zeltner, Ottmar"]
[Black "Veh-Hölzlein, Michael"]
[Result "1/2-1/2"]
[WhiteElo "2083"]
[BlackElo "2211"]
[PlyCount "35"]
[EventDate "2012.??.??"]
[WhiteTeam "SK Rothenburg e.V. 1"]
[BlackTeam "TSV Cadolzburg e.V. 1"]

1. e4 e6 2. d4 d5 3. Nc3 dxe4 4. Nxe4 Nd7 5. Nf3 Ngf6 6. Nxf6+ Nxf6 7. Bd3 c5
8. O-O cxd4 9. Nxd4 Bc5 10. Nb3 Be7 11. Bg5 Qd5 12. Be3 Bd7 13. c4 Qe5 14. Qe2
O-O 15. f4 Qc7 16. Rf3 e5 17. fxe5 Qxe5 18. Bd4 1/2-1/2

[Event "SK Rothenburg e.V. 1-TSV Cadolzburg e.V."]
[Site "?"]
[Date "2012.11.18"]
[Round "3.3"]
[White "Schraufl, Wolfhardt"]
[Black "Zeltner, Gottfried"]
[Result "1-0"]
[WhiteElo "2108"]
[BlackElo "1896"]
[PlyCount "51"]
[EventDate "2012.??.??"]
[WhiteTeam "TSV Cadolzburg e.V. 1"]
[BlackTeam "SK Rothenburg e.V. 1"]

1. d4 Nf6 2. g3 d5 3. Bg2 g6 4. Nf3 Bg7 5. c4 dxc4 6. Qa4+ c6 7. Qxc4 O-O 8.
Nc3 Nbd7 9. a4 Nb6 10. Qd3 Nbd5 11. a5 Nb4 12. Qb1 Nfd5 13. e4 Nc7 14. Be3 Bg4
15. O-O Bxf3 16. Bxf3 Bxd4 17. Bxd4 Qxd4 18. Rd1 Qf6 19. Rd7 Qxf3 20. Rxc7 Rad8
21. Rxb7 Nd3 22. Qc2 Rb8 23. a6 Rfd8 24. h4 c5 25. Qe2 Qf6 26. Nd5 1-0

[Event "SK Rothenburg e.V. 1-TSV Cadolzburg e.V."]
[Site "?"]
[Date "2012.11.18"]
[Round "3.4"]
[White "Diller, Peter"]
[Black "Straschewski, Jörg"]
[Result "1-0"]
[WhiteElo "2021"]
[BlackElo "2008"]
[PlyCount "75"]
[EventDate "2012.??.??"]
[WhiteTeam "SK Rothenburg e.V. 1"]
[BlackTeam "TSV Cadolzburg e.V. 1"]

1. e4 e6 2. f4 d5 3. e5 c5 4. Nf3 Nc6 5. Be2 Nh6 6. d3 Be7 7. Be3 O-O 8. O-O f6
9. exf6 Rxf6 10. c3 Bd7 11. Na3 a6 12. Nc2 Qc7 13. d4 Nf5 14. Ne5 cxd4 15. Nxd7
Qxd7 16. Bxd4 Ncxd4 17. cxd4 Rc8 18. Bd3 Bd8 19. g4 Nd6 20. g5 Rf8 21. Bxh7+
Kf7 22. Ne3 Nf5 23. Nxf5 exf5 24. Qh5+ Ke7 25. Qg6 Rf7 26. Bg8 Kf8 27. Bxf7
Qxf7 28. Qxf7+ Kxf7 29. Rac1 Rxc1 30. Rxc1 Bb6 31. Kg2 Ke6 32. Rd1 g6 33. Kf3
Kd6 34. Ke3 Ke6 35. h4 Kf7 36. Rf1 Bc7 37. h5 Kg7 38. hxg6 1-0

[Event "SK Rothenburg e.V. 1-TSV Cadolzburg e.V."]
[Site "?"]
[Date "2012.11.18"]
[Round "3.5"]
[White "Trümpelmann, Jochen"]
[Black "Tapia-Egoavil, Carlos"]
[Result "0-1"]
[WhiteElo "1911"]
[BlackElo "1840"]
[PlyCount "88"]
[EventDate "2012.??.??"]
[WhiteTeam "TSV Cadolzburg e.V. 1"]
[BlackTeam "SK Rothenburg e.V. 1"]

1. e4 c5 2. d4 cxd4 3. c3 Nf6 4. e5 Nd5 5. Qxd4 e6 6. Nf3 Nc6 7. Qe4 Be7 8. Bc4
f5 9. exf6 Nxf6 10. Qe2 a6 11. Bg5 b5 12. Bd3 Bb7 13. Qc2 Qc7 14. Bxf6 Bxf6 15.
Bxh7 O-O-O 16. Nbd2 Ne5 17. O-O-O Nxf3 18. Nxf3 Qf4+ 19. Nd2 Bxg2 20. Rhg1 Bf3
21. Rde1 Bg5 22. Be4 Qxd2+ 23. Qxd2 Bxd2+ 24. Kxd2 Bxe4 25. Rxe4 Rxh2 26. Rxg7
Rxf2+ 27. Re2 Rxe2+ 28. Kxe2 Kc7 29. Kd3 Rh8 30. Rg2 Rh4 31. b3 Kc6 32. Rg3 a5
33. a3 a4 34. b4 Kd5 35. Rg7 Rh3+ 36. Kd2 d6 37. Rb7 Kc4 38. Rb6 Rd3+ 39. Ke2
Rd5 40. Rc6+ Kb3 41. c4 bxc4 42. b5 Rxb5 43. Rxd6 Re5+ 44. Kd2 Rd5+ 0-1

[Event "SK Rothenburg e.V. 1-TSV Cadolzburg e.V."]
[Site "?"]
[Date "2012.11.18"]
[Round "3.6"]
[White "Diller, Marianne"]
[Black "Hofer, Stefan"]
[Result "1-0"]
[WhiteElo "1792"]
[BlackElo "1810"]
[PlyCount "93"]
[EventDate "2012.??.??"]
[WhiteTeam "SK Rothenburg e.V. 1"]
[BlackTeam "TSV Cadolzburg e.V. 1"]

1. d4 Nf6 2. c4 e6 3. Nc3 d5 4. Bg5 Be7 5. e3 Nbd7 6. Nf3 O-O 7. Rc1 c6 8. Bd3
a6 9. O-O dxc4 10. Bxc4 b5 11. Bd3 c5 12. dxc5 Nxc5 13. Bb1 Qxd1 14. Rfxd1 b4
15. Ne2 Bb7 16. Rd4 Rfd8 17. Ne5 Rd5 18. f4 Rad8 19. h3 h6 20. Bh4 Kf8 21. Nd3
Nxd3 22. Bxd3 Rxd4 23. Nxd4 Rc8 24. Rxc8+ Bxc8 25. Nc6 Bc5 26. Bf2 Nd5 27. g3
Nc7 28. e4 Bxf2+ 29. Kxf2 b3 30. a3 Bd7 31. Na5 Ba4 32. Ke3 Ke7 33. Bc4 Nb5 34.
Bxb5 Bxb5 35. Nxb3 Kd6 36. Kd4 f6 37. e5+ fxe5+ 38. fxe5+ Kc6 39. Nc5 Bf1 40.
Nxe6 Bxh3 41. Nxg7 Kd7 42. Nh5 Ke7 43. Kc5 Bf1 44. Nf4 Kd7 45. b4 Bb5 46. e6+
Ke8 47. Kd6 1-0

[Event "SK Nürnberg 1911 e.V. 2-SpVgg. Zabo-Eint"]
[Site "?"]
[Date "2012.11.18"]
[Round "3.1"]
[White "Brenner, Christian"]
[Black "Dereser, Marc"]
[Result "1-0"]
[WhiteElo "2064"]
[BlackElo "1835"]
[PlyCount "55"]
[EventDate "2012.??.??"]
[WhiteTeam "SpVgg. Zabo-Eintracht N e.V. 1"]
[BlackTeam "SK Nürnberg 1911 e.V. 2"]

1. e4 c5 2. Nf3 d6 3. d4 cxd4 4. Nxd4 Nf6 5. Nc3 a6 6. Be3 g6 7. f3 Bg7 8. Qd2
Nc6 9. O-O-O Nxd4 10. Bxd4 Qa5 11. Bc4 O-O 12. g4 b5 13. Bb3 Be6 14. Kb1 Bxb3
15. cxb3 Rac8 16. h4 h5 17. Qf2 hxg4 18. Bb6 Qb4 19. Rd4 Rc4 20. bxc4 Nd7 21.
Nd5 Bxd4 22. Qxd4 Qxc4 23. Nxe7+ Kh7 24. Qxd6 Nxb6 25. h5 g5 26. Nf5 Qe6 27.
Qxf8 gxf3 28. Qg7# 1-0

[Event "SK Nürnberg 1911 e.V. 2-SpVgg. Zabo-Eint"]
[Site "?"]
[Date "2012.11.18"]
[Round "3.2"]
[White "Hannweber, Markus"]
[Black "Link, Andreas"]
[Result "0-1"]
[WhiteElo "2029"]
[BlackElo "1970"]
[PlyCount "73"]
[EventDate "2012.??.??"]
[WhiteTeam "SK Nürnberg 1911 e.V. 2"]
[BlackTeam "SpVgg. Zabo-Eintracht N e.V. 1"]

1. e4 c5 2. Nf3 d6 3. d4 cxd4 4. Nxd4 Nf6 5. Nc3 a6 6. a4 e6 7. Be2 Be7 8. O-O
O-O 9. Be3 Qc7 10. Rc1 Nbd7 11. Nb3 b6 12. f3 Bb7 13. Qd2 d5 14. exd5 Nxd5 15.
Nxd5 Bxd5 16. c4 Bc6 17. a5 Ba4 18. axb6 Nxb6 19. Na5 Rfd8 20. Qc3 Rab8 21. b4
Be8 22. Qa3 Na4 23. c5 Bb5 24. Bxb5 axb5 25. Rfd1 Bf6 26. Qb3 Nb2 27. Rxd8+
Rxd8 28. g3 Rd3 29. Bf4 Bd4+ 30. Kg2 e5 31. Qd5 h6 32. Qa8+ Kh7 33. Qe4+ g6 34.
Rc2 Rd1 35. Bc1 Nd3 36. Qe2 Rg1+ 37. Kh3 0-1

[Event "SK Nürnberg 1911 e.V. 2-SpVgg. Zabo-Eint"]
[Site "?"]
[Date "2012.11.18"]
[Round "3.3"]
[White "Wittmann, Paul"]
[Black "Huger, Horst"]
[Result "1/2-1/2"]
[WhiteElo "2129"]
[BlackElo "1812"]
[PlyCount "131"]
[EventDate "2012.??.??"]
[WhiteTeam "SpVgg. Zabo-Eintracht N e.V. 1"]
[BlackTeam "SK Nürnberg 1911 e.V. 2"]

1. d4 d5 2. Nf3 Nf6 3. Bf4 c5 4. c3 Nc6 5. e3 e6 6. Bd3 Be7 7. Nbd2 Bd7 8. Ne5
Rc8 9. O-O O-O 10. Qf3 Ne8 11. Qh3 f5 12. g4 cxd4 13. exd4 Nxe5 14. Bxe5 Qb6
15. gxf5 exf5 16. Qf3 Qg6+ 17. Qg3 Qb6 18. Qf3 Qg6+ 19. Qg2 Qxg2+ 20. Kxg2 Nf6
21. Rae1 Ne4 22. Re2 Rc6 23. f3 Rg6+ 24. Kh1 Ng5 25. Rg1 Ne6 26. Rxg6 hxg6 27.
Kg2 Kf7 28. f4 Rh8 29. Nf3 Bf6 30. Kg3 Rh5 31. h4 Bc6 32. Ng5+ Bxg5 33. fxg5
Rh8 34. Rh2 Rh5 35. Be2 Rh8 36. Bd3 Rh5 37. a3 Ba4 38. Be2 Rh8 39. h5 gxh5 40.
Bxh5+ Kg8 41. Bf7+ Kxf7 42. Rxh8 Nxg5 43. Rb8 Bc6 44. Rc8 Ne4+ 45. Kf3 g5 46.
Rc7+ Ke6 47. Rh7 Nd2+ 48. Ke2 Ne4 49. Rh6+ Kf7 50. Ke3 f4+ 51. Kf3 Nd2+ 52. Kg4
f3 53. Rh2 Bd7+ 54. Kg3 Nf1+ 55. Kxf3 Nxh2+ 56. Bxh2 Kg6 57. Bc7 Ba4 58. Bd6
Kf5 59. Bc7 Bd1+ 60. Ke3 Kg4 61. Bd6 Bc2 62. Bc7 Kf5 63. Bd6 a6 64. Bc7 Ke6 65.
Bd8 g4 66. Bc7 1/2-1/2

[Event "SK Nürnberg 1911 e.V. 2-SpVgg. Zabo-Eint"]
[Site "?"]
[Date "2012.11.18"]
[Round "3.4"]
[White "Leibing, Kai-Ingo"]
[Black "Gebhard, Thomas"]
[Result "1/2-1/2"]
[WhiteElo "1779"]
[BlackElo "2086"]
[PlyCount "47"]
[EventDate "2012.??.??"]
[WhiteTeam "SK Nürnberg 1911 e.V. 2"]
[BlackTeam "SpVgg. Zabo-Eintracht N e.V. 1"]

1. b3 d5 2. Bb2 Nf6 3. Nf3 Bf5 4. d3 h6 5. g3 e6 6. Nbd2 Bc5 7. e3 O-O 8. Bg2
Nbd7 9. O-O c6 10. a3 a5 11. Re1 Qb6 12. d4 Be7 13. c4 Ne4 14. c5 Qc7 15. b4 b5
16. Nxe4 Bxe4 17. Bc3 a4 18. Nd2 Bxg2 19. Kxg2 f5 20. f4 Nf6 21. Nf3 Ne4 22.
Bb2 Bf6 23. Nd2 Nxd2 24. Qxd2 1/2-1/2

[Event "SK Nürnberg 1911 e.V. 2-SpVgg. Zabo-Eint"]
[Site "?"]
[Date "2012.11.18"]
[Round "3.5"]
[White "Ahlich, Thomas"]
[Black "Hennig, Andreas"]
[Result "1/2-1/2"]
[WhiteElo "1957"]
[BlackElo "1755"]
[PlyCount "135"]
[EventDate "2012.??.??"]
[WhiteTeam "SpVgg. Zabo-Eintracht N e.V. 1"]
[BlackTeam "SK Nürnberg 1911 e.V. 2"]

1. f4 d5 2. b3 c5 3. e3 Nc6 4. Nf3 e6 5. Bb2 Nf6 6. c4 d4 7. exd4 cxd4 8. Bd3
Nd7 9. a3 Nc5 10. Qc2 a5 11. Be4 d3 12. Bxc6+ bxc6 13. Qc3 Qb6 14. b4 axb4 15.
axb4 Rxa1 16. Bxa1 Ne4 17. Qd4 Qxd4 18. Nxd4 Bxb4 19. Nxc6 Bc5 20. Bd4 Bxd4 21.
Nxd4 Ba6 22. Nb5 Kd7 23. O-O Rc8 24. N1a3 Bxb5 25. cxb5 Rc5 26. Re1 f5 27. g4
Kc7 28. gxf5 exf5 29. Kg2 Kb6 30. Re3 Rd5 31. Re1 Rd7 32. Nc4+ Kxb5 33. Ne5 Rd4
34. Rb1+ Ka4 35. Nf3 Rb4 36. Rxb4+ Kxb4 37. Ne5 Nxd2 38. Nxd3+ Kc4 39. Ne5+ Kd4
40. Nc6+ Ke4 41. Kg3 Nf1+ 42. Kg2 Ne3+ 43. Kf2 Kxf4 44. Nd8 Ng4+ 45. Kg2 Ke3
46. h3 Ne5 47. Ne6 f4 48. Nxg7 f3+ 49. Kf1 Nd3 50. Nf5+ Kf4 51. Nd4 Kg3 52. h4
h5 53. Nf5+ Kg4 54. Nd4 f2 55. Ke2 Kf4 56. Kf1 Kg3 57. Nf5+ Kf3 58. Nd4+ Ke4
59. Nf3 Ke3 60. Ng5 Nc5 61. Nh3 Ne4 62. Kg2 Ke2 63. Nf4+ Ke3 64. Nh3 Ng3 65.
Nxf2 Nf5 66. Nh1 Nxh4+ 67. Kh3 Nf5 68. Ng3 1/2-1/2

[Event "SK Nürnberg 1911 e.V. 2-SpVgg. Zabo-Eint"]
[Site "?"]
[Date "2012.11.18"]
[Round "3.6"]
[White "Ammon, Ronald"]
[Black "Schlötterer, Hermann"]
[Result "1-0"]
[WhiteElo "1747"]
[BlackElo "1933"]
[PlyCount "80"]
[EventDate "2012.??.??"]
[WhiteTeam "SK Nürnberg 1911 e.V. 2"]
[BlackTeam "SpVgg. Zabo-Eintracht N e.V. 1"]

1. e4 c5 2. Nf3 Nc6 3. Bb5 e6 4. O-O Nge7 5. c3 Qc7 6. d4 cxd4 7. cxd4 Ng6 8.
Nc3 Be7 9. d5 Nce5 10. Nxe5 Qxe5 11. Be3 Nf4 12. g3 Ng6 13. f4 Qc7 14. dxe6
fxe6 15. Rc1 Bc5 16. Bxc5 Qxc5+ 17. Kg2 O-O 18. Qa4 Qe3 19. Rce1 Qb6 20. Re2 d5
21. exd5 e5 22. d6 Bg4 23. Qc4+ Kh8 24. fxe5 Rxf1 25. Qxg4 Qg1+ 26. Kh3 Raf8
27. Rg2 Qe3 28. Rc2 Nxe5 29. Qe4 Qh6+ 30. Kg2 Nf3 31. Kxf1 Nd2+ 32. Ke1 Rf1+
33. Ke2 Qxh2+ 34. Kd3 Qxg3+ 35. Kxd2 Rf2+ 36. Ne2 Qxd6+ 37. Bd3 g6 38. Rc8+ Kg7
39. Qxb7+ Rf7 40. Qb8 Qe5 1-0

[Event "SK Nürnberg 1911 e.V. 2-SpVgg. Zabo-Eint"]
[Site "?"]
[Date "2012.11.18"]
[Round "3.7"]
[White "Ziegler, Peter"]
[Black "Zimmer, Frank"]
[Result "1/2-1/2"]
[WhiteElo "1820"]
[BlackElo "1848"]
[PlyCount "44"]
[EventDate "2012.??.??"]
[WhiteTeam "SpVgg. Zabo-Eintracht N e.V. 1"]
[BlackTeam "SK Nürnberg 1911 e.V. 2"]

1. e4 Nf6 2. e5 Nd5 3. d4 d6 4. c4 Nb6 5. exd6 cxd6 6. Nc3 g6 7. Nf3 Bg7 8. Qb3
Nc6 9. d5 Ne5 10. Nxe5 Bxe5 11. Bd3 O-O 12. Bg5 Nd7 13. Qd1 Bg7 14. O-O h6 15.
Bf4 Ne5 16. Be2 Bf5 17. Qd2 g5 18. Be3 Ng6 19. Rac1 b6 20. Nb5 Bd7 21. Nd4 Rc8
22. Bd3 Ne5 1/2-1/2

[Event "SK Nürnberg 1911 e.V. 2-SpVgg. Zabo-Eint"]
[Site "?"]
[Date "2012.11.18"]
[Round "3.8"]
[White "Wawor, Gerhard"]
[Black "Keller, Gerhard"]
[Result "1-0"]
[WhiteElo "1894"]
[BlackElo "1967"]
[PlyCount "135"]
[EventDate "2012.??.??"]
[WhiteTeam "SK Nürnberg 1911 e.V. 2"]
[BlackTeam "SpVgg. Zabo-Eintracht N e.V. 1"]

1. d4 f5 2. Bg5 g6 3. e3 Bg7 4. Bd3 Nf6 5. h4 d5 6. h5 Nxh5 7. Rxh5 gxh5 8.
Qxh5+ Kf8 9. Ne2 Qe8 10. Qf3 Qf7 11. Nd2 Nc6 12. c4 e6 13. O-O-O Ne7 14. cxd5
exd5 15. Nf4 c6 16. Rh1 h6 17. Bh4 Ng6 18. Nh5 Nxh4 19. Rxh4 Bf6 20. Nxf6 Qxf6
21. Rf4 Kg7 22. Bxf5 Bxf5 23. Rxf5 Qg6 24. Qf4 Rhf8 25. Qe5+ Kg8 26. Rf3 Rxf3
27. gxf3 Re8 28. Qh2 Kh7 29. Nf1 Rg8 30. Ng3 Qd3 31. Nh5 Qf5 32. f4 Rg4 33. Kd2
Rg6 34. Qh4 Kh8 35. Ng3 Qf6 36. Qxf6+ Rxf6 37. Ke2 Kh7 38. f3 Kg6 39. Kf2 h5
40. Ne2 h4 41. e4 Kh5 42. f5 dxe4 43. fxe4 Kg4 44. Kg2 Rf8 45. Kf2 Re8 46. f6
Kg5 47. e5 c5 48. f7 Rf8 49. e6 cxd4 50. Nxd4 Kf6 51. Kf3 Ke5 52. Kg4 Kf6 53.
Kxh4 Ke7 54. Kg5 Rd8 55. Nf5+ Kxe6 56. Kg6 a6 57. Nh6 b5 58. Kg7 Ke5 59. Ng4+
Kd4 60. Nf6 Kd3 61. Kg6 Rf8 62. Nd7 Rxf7 63. Kxf7 Kc2 64. b4 Kc3 65. a3 Kb2 66.
Nc5 Kxa3 67. Nxa6 Kb3 68. Ke6 1-0

[Event "SC Ansbach 1855 e.V. 1-SC Bad Windsheim"]
[Site "?"]
[Date "2012.11.18"]
[Round "3.1"]
[White "Pfitzinger, Leonhard"]
[Black "Pikal, Alexander"]
[Result "1/2-1/2"]
[WhiteElo "1954"]
[BlackElo "1904"]
[PlyCount "48"]
[EventDate "2012.??.??"]
[WhiteTeam "SC Bad Windsheim 1920 e.V. 1"]
[BlackTeam "SC Ansbach 1855 e.V. 1"]

1. d4 {[%emt 0:00:00]} f5 {[%emt 0:00:00]} 2. e4 fxe4 3. Nc3 Nf6 4. Bg5 g6 5.
Bxf6 exf6 6. Nxe4 d5 {[%emt 0:00:00]} 7. Ng3 {[%emt 0:00:00]} Qe7+ 8. Qe2 Bh6
9. Nf3 Nc6 10. c3 O-O 11. Qxe7 Nxe7 12. Bd3 Re8 13. O-O Bg4 14. Ne1 Nc6 15. h3
Bd7 16. Nc2 Re7 17. Rfe1 Rae8 18. Rxe7 Rxe7 19. Kf1 Bf4 20. Ne2 Bd6 21. Re1 f5
22. f4 Na5 23. b3 Nc6 24. g3 a6 1/2-1/2

[Event "SC Ansbach 1855 e.V. 1-SC Bad Windsheim "]
[Site "?"]
[Date "2012.11.18"]
[Round "3.2"]
[White "Witt, Alfred"]
[Black "Auth, Bernhard"]
[Result "0-1"]
[WhiteElo "1865"]
[BlackElo "1830"]
[PlyCount "82"]
[EventDate "2012.??.??"]
[WhiteTeam "SC Ansbach 1855 e.V. 1"]
[BlackTeam "SC Bad Windsheim 1920 e.V. 1"]

1. Nf3 {[%emt 0:00:00]} d5 {[%emt 0:00:00]} 2. c4 e6 3. b3 Nf6 4. Bb2 c6 5. g3
b6 6. Bg2 Bb7 7. O-O Be7 8. d4 O-O 9. Nc3 Nbd7 10. cxd5 exd5 11. Re1 Re8 12.
Qd3 a5 13. Rac1 Ba6 14. Qf5 Bb4 15. Ne5 Nxe5 16. dxe5 Bc8 17. Qg5 h6 18. Qf4
Nh5 19. Qd2 Rxe5 20. a3 Bf8 21. Nb5 Re8 22. Rxc6 Bd7 23. Rd6 Bxd6 24. Nxd6 Re7
25. Qxd5 Be8 26. Qxh5 Qxd6 27. Bxa8 $2 (27. Qg4 $3 f6 28. Bxa8 Qd2 29. Qc4+ Bf7
30. Qc3) 27... Qd2 28. Kf1 Qxb2 29. Qh4 Qxa3 30. Qc4 Qd6 31. Rc1 Qe5 32. Re1
Bb5 33. Qc2 Qh5 34. Kg1 Bxe2 35. Qc8+ Kh7 36. Bg2 g6 37. Bf1 (37. Qf8 $1) 37...
Bg4 38. Qc1 $4 (38. Qf8 $3 {remis}) 38... Rxe1 39. Qxe1 Bf3 40. Bg2 Bxg2 41.
Kxg2 Qd5+ 0-1

[Event "SC Ansbach 1855 e.V. 1-SC Bad Windsheim "]
[Site "?"]
[Date "2012.11.18"]
[Round "3.3"]
[White "Müller, Norbert"]
[Black "Margraf, Christoph"]
[Result "1-0"]
[WhiteElo "1950"]
[BlackElo "1931"]
[PlyCount "81"]
[EventDate "2012.??.??"]
[WhiteTeam "SC Bad Windsheim 1920 e.V. 1"]
[BlackTeam "SC Ansbach 1855 e.V. 1"]

1. e4 {[%emt 0:00:00]} e5 {[%emt 0:00:00]} 2. Nf3 Nc6 3. d4 exd4 4. Bc4 Nf6 5.
O-O Nxe4 6. Re1 d5 7. Bxd5 Qxd5 8. Nc3 Qa5 9. Nxe4 Be6 10. Bd2 Qh5 11. Bg5 Bb4
12. Nxd4 Qxd1 13. Rexd1 Nxd4 14. Rxd4 Be7 15. Re1 Rd8 16. Rxd8+ Bxd8 17. Bxd8
Kxd8 18. Ng5 Bc4 19. b3 h6 20. Nf3 Be6 21. Nd4 Bd7 22. f4 {remis?} c5 23. Nf3
f6 24. Kf2 Bf5 25. Rd1+ Bd7 26. Nd2 Bc6 $4 27. Ne4+ Ke7 28. Nxc5 b6 29. Re1+
Kf7 30. Nd3 Rd8 31. g3 Rd6 32. Rd1 Rd7 33. c4 Ke6 34. Nb2 Rxd1 35. Nxd1 Kf5 36.
Ke3 g5 37. fxg5 hxg5 38. Nf2 Ke6 39. Nd3 Kf5 40. Nf2 Ke5 41. a3 1-0

[Event "SC Ansbach 1855 e.V. 1-SC Bad Windsheim "]
[Site "?"]
[Date "2012.11.18"]
[Round "3.4"]
[White "Nahlik, Bernhard"]
[Black "Cesinger, Sascha"]
[Result "1-0"]
[WhiteElo "1699"]
[BlackElo "1734"]
[PlyCount "53"]
[EventDate "2012.??.??"]
[WhiteTeam "SC Ansbach 1855 e.V. 1"]
[BlackTeam "SC Bad Windsheim 1920 e.V. 1"]

1. d4 Nf6 2. Nf3 b6 3. e3 Bb7 4. Be2 e6 5. O-O c5 6. c4 d5 7. cxd5 Nxd5 8. Bb5+
Nd7 9. Ne5 N5f6 10. Nc3 a6 11. Nxd7 Nxd7 12. Be2 Qf6 13. d5 Ne5 14. f4 Ng6 15.
Qa4+ Ke7 16. Ne4 Qf5 17. d6+ Kd8 18. Ng3 Qf6 19. Rd1 Nh4 20. Bf1 Rg8 21. Qb3 b5
22. Qa3 Rc8 23. Qa5+ Kd7 24. Qb6 Bc6 25. Qa7+ Kd8 26. d7 g5 27. Qb6+ 1-0

[Event "SC Ansbach 1855 e.V. 1-SC Bad Windsheim "]
[Site "?"]
[Date "2012.11.18"]
[Round "3.5"]
[White "Wellhöfer, Matthias"]
[Black "Sommer, Dieter"]
[Result "1/2-1/2"]
[WhiteElo "1628"]
[BlackElo "1690"]
[PlyCount "39"]
[EventDate "2012.??.??"]
[WhiteTeam "SC Bad Windsheim 1920 e.V. 1"]
[BlackTeam "SC Ansbach 1855 e.V. 1"]

1. f4 d5 2. Nf3 c5 3. e3 Nf6 4. Bb5+ Bd7 5. Be2 e6 6. b3 Be7 7. Bb2 O-O 8. O-O
Nc6 9. Qe1 Nb4 10. Na3 a6 11. Ne5 Nc6 12. d3 Nxe5 13. fxe5 Ne8 14. Qg3 g6 15.
Nb1 Ng7 16. Qh3 Bg5 17. Nc3 Nf5 18. Nd1 Bc6 19. g4 Ne7 20. Qg3 1/2-1/2

[Event "SC Ansbach 1855 e.V. 1-SC Bad Windsheim "]
[Site "?"]
[Date "2012.11.18"]
[Round "3.7"]
[White "Böllmann, Dierk"]
[Black "Block, Bernhard"]
[Result "1/2-1/2"]
[WhiteElo "1566"]
[BlackElo "1760"]
[PlyCount "47"]
[EventDate "2012.??.??"]
[WhiteTeam "SC Bad Windsheim 1920 e.V. 1"]
[BlackTeam "SC Ansbach 1855 e.V. 1"]

1. c4 Nf6 2. g3 g6 3. Bg2 c5 4. Nc3 Bg7 5. d3 O-O 6. Nf3 d6 7. Bd2 Nbd7 8. a3
a6 9. b4 Rb8 10. Qc1 Re8 11. Rb1 b6 12. O-O Bb7 13. e4 Ng4 14. h3 Nge5 15. Nxe5
Nxe5 16. Qc2 e6 17. f4 Nc6 18. Ne2 Nd4 19. Nxd4 Bxd4+ 20. Kh2 f5 21. Bc3 Qf6
22. Bxd4 Qxd4 23. bxc5 Qxc5 24. Qb3 1/2-1/2

[Event "SC Bechhofen 1923 e.V. 2-SC Noris-Tarras"]
[Site "?"]
[Date "2012.11.18"]
[Round "3.1"]
[White "Vogiatzis, Dimitrios"]
[Black "Sejdic, Enis"]
[Result "1-0"]
[WhiteElo "2107"]
[BlackElo "2145"]
[PlyCount "71"]
[EventDate "2012.??.??"]
[WhiteTeam "SC Noris-Tarrasch N 1873 e.V. 5"]
[BlackTeam "SC Bechhofen 1923 e.V. 2"]

1. d4 d5 2. e3 e6 3. f4 c5 4. Nf3 Nf6 5. c3 Be7 6. Bd3 Nbd7 7. O-O a6 8. a4 b6
9. Ne5 Bb7 10. Nd2 O-O 11. Qf3 Qc7 12. g4 h6 13. h4 Ne4 14. g5 f5 15. Ng6 Rf7
16. Bxe4 dxe4 17. Qh5 Bf8 18. Rf2 cxd4 19. cxd4 Bc6 20. Rg2 Nf6 21. gxf6 Rxf6
22. Qd1 b5 23. Nxf8 Raxf8 24. axb5 Bxb5 25. Nb3 Kh7 26. Nc5 Qe7 27. Bd2 Qf7 28.
Be1 g6 29. Bc3 Qa7 30. b4 Re8 31. d5 Rff8 32. d6 Rf7 33. Kh2 Qb6 34. Qd4 Rd8
35. Rd1 Bd7 36. Rdg1 1-0

[Event "SC Bechhofen 1923 e.V. 2-SC Noris-Tarras"]
[Site "?"]
[Date "2012.11.18"]
[Round "3.2"]
[White "Horstmann, Sven"]
[Black "Herlan, Klaus-Jürgen"]
[Result "1-0"]
[WhiteElo "2087"]
[BlackElo "1971"]
[PlyCount "57"]
[EventDate "2012.??.??"]
[WhiteTeam "SC Bechhofen 1923 e.V. 2"]
[BlackTeam "SC Noris-Tarrasch N 1873 e.V. 5"]

1. e4 c5 2. Nc3 a6 3. g3 b5 4. Bg2 Bb7 5. Nge2 Nc6 6. O-O e6 7. d4 cxd4 8. Nxd4
Qc7 9. Bf4 e5 10. Nxc6 exf4 11. Nd4 Nh6 12. Nd5 Bxd5 13. exd5 Rc8 14. Re1+ Kd8
15. Qe2 Bc5 16. Rad1 Qd6 17. Nc6+ Kc7 18. b4 Bxb4 19. Nxb4 Qxb4 20. d6+ Kb6 21.
Qf3 fxg3 22. Qb7+ Ka5 23. hxg3 Rxc2 24. a4 Qc5 25. Rf1 Qb6 26. Qe4 Rhc8 27.
axb5 R8c4 28. Ra1+ Kxb5 29. Rfb1+ 1-0

[Event "SC Bechhofen 1923 e.V. 2-SC Noris-Tarras"]
[Site "?"]
[Date "2012.11.18"]
[Round "3.4"]
[White "Rieber, Rene"]
[Black "Corral, Carlos"]
[Result "0-1"]
[WhiteElo "1944"]
[BlackElo "1989"]
[PlyCount "141"]
[EventDate "2012.??.??"]
[WhiteTeam "SC Bechhofen 1923 e.V. 2"]
[BlackTeam "SC Noris-Tarrasch N 1873 e.V. 5"]

1. e4 c5 2. Nf3 Nc6 3. d4 cxd4 4. Nxd4 g6 5. c4 Bg7 6. Be3 Nf6 7. Nc3 Ng4 8.
Qxg4 Nxd4 9. Qd1 Ne6 10. Rc1 Qa5 11. Qd2 g5 12. Bd3 d6 13. O-O h5 14. Bb1 Qe5
15. b4 b6 16. Nd5 Kf8 17. Rcd1 Rg8 18. f4 gxf4 19. Qf2 Bh6 20. Bxf4 Bxf4 21.
Nxf4 Nxf4 22. Qxf4 Qxf4 23. Rxf4 Be6 24. Bd3 Rg5 25. a4 a5 26. bxa5 Rgxa5 27.
Rb1 Rxa4 28. Rxb6 Bxc4 29. Bxc4 Rxc4 30. Rb5 Ra1+ 31. Kf2 Rc2+ 32. Kg3 Raa2 33.
h3 Rxg2+ 34. Kh4 Ra3 35. Rb8+ Kg7 36. Rb7 Rgg3 37. Rxe7 Rxh3+ 38. Kg5 Ra5+ 39.
Rf5 Rxf5+ 40. exf5 Rg3+ 41. Kh4 Kf6 42. Rd7 Rd3 43. Kxh5 Rd4 44. Ra7 Rf4 45.
Rd7 Rxf5+ 46. Kg4 Rd5 47. Kf4 Ke6 48. Rd8 Rd4+ 49. Ke3 Ra4 50. Re8+ Kd7 51. Rf8
Ke7 52. Rb8 f5 53. Rh8 Ke6 54. Re8+ Kd5 55. Rh8 Re4+ 56. Kd3 Re7 57. Rh5 Rf7
58. Rg5 Ke5 59. Ke3 Ra7 60. Rh5 Ra3+ 61. Kd2 d5 62. Rg5 d4 63. Rh5 Ke4 64. Rh4+
f4 65. Rg4 Ra2+ 66. Kd1 Ke3 67. Rg8 Kd3 68. Ke1 f3 69. Rg3 Ke3 70. Kd1 d3 71.
Rh3 0-1

[Event "SC Bechhofen 1923 e.V. 2-SC Noris-Tarras"]
[Site "?"]
[Date "2012.11.18"]
[Round "3.5"]
[White "Pühn, Georg"]
[Black "Zimmermann, Arnulf"]
[Result "0-1"]
[WhiteElo "1989"]
[BlackElo "1916"]
[PlyCount "44"]
[EventDate "2012.??.??"]
[WhiteTeam "SC Noris-Tarrasch N 1873 e.V. 5"]
[BlackTeam "SC Bechhofen 1923 e.V. 2"]

1. e4 c5 2. Nf3 Nc6 3. Bb5 g6 4. O-O Bg7 5. Re1 Nd4 6. Nxd4 cxd4 7. e5 e6 8. c3
a6 9. Bf1 Ne7 10. Na3 dxc3 11. dxc3 b5 12. Nc2 Nc6 13. f4 O-O 14. Be3 f6 15.
Bc5 Rf7 16. Nd4 Bb7 17. Nxc6 Bxc6 18. Bd6 fxe5 19. fxe5 Qg5 20. Qc2 Bf8 21. Bc5
Bxc5+ 22. Kh1 Raf8 0-1

[Event "SC Bechhofen 1923 e.V. 2-SC Noris-Tarras"]
[Site "?"]
[Date "2012.11.18"]
[Round "3.6"]
[White "Horstmann, Astrid"]
[Black "Rabenstein, Christian"]
[Result "0-1"]
[WhiteElo "1949"]
[BlackElo "1876"]
[PlyCount "74"]
[EventDate "2012.??.??"]
[WhiteTeam "SC Bechhofen 1923 e.V. 2"]
[BlackTeam "SC Noris-Tarrasch N 1873 e.V. 5"]

1. c4 Nf6 2. d4 e6 3. Nf3 c5 4. d5 exd5 5. cxd5 d6 6. h3 g6 7. Nc3 Bg7 8. e4 a6
9. a4 Nbd7 10. Bf4 Qe7 11. Bd3 Nh5 12. Bg5 f6 13. Bd2 Ne5 14. Bc2 f5 15. Nxe5
Qxe5 16. Qe2 f4 17. a5 O-O 18. Rb1 Bd7 19. Bd3 Rae8 20. b4 c4 21. Bxc4 f3 22.
Qf1 fxg2 23. Qxg2 Qd4 24. Be2 Nf4 25. Qg3 Be5 26. Bxf4 Rxf4 27. Rb3 Rxe4 28.
Qg5 Bf4 29. Nxe4 Bxg5 30. Nxg5 Qa1+ 31. Kd2 Qxh1 32. Rf3 Rc8 33. Ne6 Qc1+ 34.
Kd3 Qc3+ 35. Ke4 Qe5+ 36. Kd3 Bb5+ 37. Kd2 Qxe2# 0-1